00549nam a22001937a 450000500170000001000130001702000100003003500130004003700160005304000120006908200170008124501000009826000340019827000330023230000300026565000120029565000290030770000190033620170124110117.0 aA-471175 c30.00 aA-471175 bCen Lib/Ret aDPLbEN a915.411bHOL aHoliday resorts of Jammu & Kashmir :cedited by A.C.Aggarwal...[et al.]ba travellers guide /  aNew DelhibNest & Wingsc1981 aNew DelhibNew Delhie110016 ax,168p. :c20cm(Hb)bill. aTourism aJammu and KashmirzIndia aAggarwal, A.C.